| 000 | 00912nam a2200277Ia 4500 | ||
|---|---|---|---|
| 003 | OSt | ||
| 005 | 20220927115013.0 | ||
| 006 | a|||||r|||| 00| 0 | ||
| 007 | ta | ||
| 008 | 220926b |||||||| |||| 00| 0 eng d | ||
| 024 | _a41331 | ||
| 037 | _cThesis and Dissertations | ||
| 040 |
_aRTL _cRTL _beng |
||
| 041 |
_2eng _aeng |
||
| 082 | _a"X:77.235.P, P1/Th" | ||
| 100 |
_aBogra Shilpa _9389881 |
||
| 110 |
_aDepartment of Economics. University of Delhi _9389882 |
||
| 245 | 0 |
_aCharacterizing the rural poor _b a regional profile |
|
| 260 |
_aDelhi _bUniversity of Delhi India _c2001 |
||
| 300 |
_a155p. Bibliography p 132-41; Appendix p 142-55 _ccm. |
||
| 650 | _a Economics | ||
| 650 | _aIndia | ||
| 700 |
_aDepartment of Economics. University of Delhi _9389883 |
||
| 942 |
_h"X:77.235.P, P1/Th" _cCC |
||
| 999 |
_c705339 _d705339 |
||